Operative Design: (Record no. 608533)
[ view plain ]
| 000 -LEADER | |
|---|---|
| fixed length control field | 00360nam a22001457a 4500 |
| 020 ## - INTERNATIONAL STANDARD BOOK NUMBER | |
| International Standard Book Number | 9789063692896 |
| 040 ## - CATALOGING SOURCE | |
| Transcribing agency | 0 |
| 082 ## - DEWEY DECIMAL CLASSIFICATION NUMBER | |
| Classification number | 741.2 |
| Author Mark | DIM |
| 100 1# - MAIN ENTRY--PERSONAL NAME | |
| Personal name | Di Mari,Anthony |
| 9 (RLIN) | 121782 |
| 245 10 - TITLE STATEMENT | |
| Title | Operative Design: |
| Remainder of title | A Catalog of Spatial Verbs/ |
| 260 ## - PUBLICATION, DISTRIBUTION, ETC. | |
| Name of publisher, distributor, etc. | BIS Publisher; |
| Date of publication, distribution, etc. | 2012. |
| 300 ## - PHYSICAL DESCRIPTION | |
| Extent | 150p.: |
| Other physical details | ill; |
| 700 1# - ADDED ENTRY--PERSONAL NAME | |
| Personal name | Yoo,Nora |
| 9 (RLIN) | 121783 |
| 942 ## - ADDED ENTRY ELEMENTS (KOHA) | |
| Source of classification or shelving scheme | |
| Koha item type | Book |
| Withdrawn status | Lost status | Source of classification or shelving scheme | Damaged status | Not for loan | Permanent Location | Current Location | Date acquired | Source of acquisition | Total Checkouts | Full call number | Barcode | Date last seen | Copy number | Cost, replacement price | Price effective from | Koha item type |
|---|---|---|---|---|---|---|---|---|---|---|---|---|---|---|---|---|
| School of Art Design and Architecture (SADA) | School of Art Design and Architecture (SADA) | 03/11/2021 | Allied Book | 741.2 DIM 2012 | SADA0002877 | 03/04/2024 | 01 | 2394.85 | 03/04/2024 | Book | ||||||
| School of Art Design and Architecture (SADA) | School of Art Design and Architecture (SADA) | 09/15/2021 | Photocopy | 741.2 DIM 2012 | SADA0002888 | 03/04/2024 | 02 | 477.00 | 03/04/2024 | Book | ||||||
| School of Art Design and Architecture (SADA) | School of Art Design and Architecture (SADA) | 09/15/2021 | Photocopy | 741.2 DIM 2012 | SADA0002889 | 03/04/2024 | 03 | 477.00 | 03/04/2024 | Book | ||||||
| School of Art Design and Architecture (SADA) | School of Art Design and Architecture (SADA) | 09/15/2021 | Photocopy | 741.2 DIM 2012 | SADA0002890 | 03/04/2024 | 04 | 477.00 | 03/04/2024 | Book |
